000 01234nam a2200289Ia 4500
001 ebr10039739
003 CaPaEBR
006 m u
007 cr cn|||||||||
008 950706s1995 xxu sb 001 0aeng d
010 _z 95001645
020 _z0309051886 (alk. paper)
040 _aCaPaEBR
_cCaPaEBR
035 _a(OCoLC)56118918
050 1 4 _aRD27.35.M6496
_bA3 1995eb
100 1 _aMoore, Francis D.
_q(Francis Daniels),
_d1913-2001.
245 1 2 _aA Miracle and a privilege
_h[electronic resource] :
_brecounting a half century of surgical advance /
_cFrancis D. Moore, M.D..
260 _aWashington, D.C. :
_bJ. Henry Press,
_c1995.
300 _axiv, 488 p.
504 _aIncludes bibliographical references and index.
533 _aElectronic reproduction.
_bPalo Alto, Calif. :
_cebrary,
_d2011.
_nAvailable via World Wide Web.
_nAccess may be limited to ebrary affiliated libraries.
600 1 0 _aMoore, Francis D.
_q(Francis Daniels),
_d1913-2001.
650 0 _aSurgeons
_zUnited States
_vBiography.
655 7 _aElectronic books.
_2local
710 2 _aebrary, Inc.
856 4 0 _uhttp://site.ebrary.com/lib/rucke/Doc?id=10039739
_zAn electronic book accessible through the World Wide Web; click to view
999 _c155954
_d155954